| 000 | 00492nam a22001097a 4500 | ||
|---|---|---|---|
| 008 | 110622t xxu||||| |||| 00| 0 eng d | ||
| 010 | _aSCEP Vol.2 | ||
| 245 | _aThe Supreme Court Election Petition No . 1 of 2001 Col.(RTD) Dr. Besigye Kizza Vs Museveni Yoweri Kaguta and Electoral Commission. | ||
| 260 | _c2001 | ||
| 500 | _aCoram: Tsekooko, J.S.C. , Karokora, J.S.C. and Mulenga, J.S.C. | ||
| 999 |
_c3588 _d3588 |
||